[Event "Montreal CC-ch playoff"]
[Site "Montreal CAN"]
[Date "2017.06.11"]
[Round "1"]
[White "Lopez Linares, Lizandro"]
[Black "Chiku-Ratte, Olivier-Kenta"]
[Result "0-1"]
[WhiteElo "2231"]
[BlackElo "2480"]
[PlyCount "102"]
[EventDate "2017.06.11"]
[EventType "match (blitz)"]
[EventRounds "1"]
[EventCountry "CAN"]

1. d4 Nf6 2. Nf3 g6 3. g3 Bg7 4. Bg2 O-O 5. O-O d6 6. Nbd2 c5 7. c3 Qc7 8. e4
Bg4 9. Re1 Nbd7 10. h3 Bxf3 11. Bxf3 cxd4 12. cxd4 Rac8 13. Nb3 e5 14. d5 Qc2
15. Qxc2 Rxc2 16. Bd1 Rc4 17. f3 b6 18. Nd2 Rc7 19. Be2 Nh5 20. Kg2 Rd8 21. Nc4
Bf8 22. Be3 Rdc8 23. b3 f5 24. a4 fxe4 25. fxe4 Nhf6 26. Bd3 Nc5 27. Bxc5 Rxc5
28. Rf1 Be7 29. g4 Kg7 30. Kf2 Rb8 31. Ke3 a6 32. Rfc1 Nd7 33. b4 Rc7 34. Nd2
Bg5+ 35. Ke2 Rbc8 36. Rxc7 Rxc7 37. Nf3 Bf4 38. Ra2 a5 39. bxa5 bxa5 40. Rc2
Nc5 41. Bb5 Kf7 42. Ne1 Rb7 43. Kf3 Bg5 44. Ng2 Ke7 45. h4 Bf6 46. g5 Bg7 47.
Ne3 Kd8 48. Ng4 Rf7+ 49. Ke2 Rf4 50. Nf2 Rxh4 51. Ke3 h6 0-1

[Event "Montreal CC-ch"]
[Site "Montreal CAN"]
[Date "2017.06.09"]
[Round "1.1"]
[White "Tsukerman, Julia"]
[Black "Chiku-Ratte, Olivier-Kenta"]
[Result "0-1"]
[WhiteElo "1575"]
[BlackElo "2480"]
[PlyCount "68"]
[EventDate "2017.06.09"]
[EventType "swiss"]
[EventRounds "5"]
[EventCountry "CAN"]

1. e4 c5 2. Nf3 e6 3. d4 cxd4 4. Nxd4 a6 5. Bd3 Nf6 6. c4 Qc7 7. Nc3 Bb4 8. O-O
Bxc3 9. bxc3 d6 10. f4 O-O 11. Qe2 Nbd7 12. Rf3 b6 13. Bd2 Bb7 14. Rg3 Nc5 15.
e5 Nfe4 16. Rg4 Nxd3 17. Qxd3 dxe5 18. fxe5 Nxd2 19. Qxd2 Qxe5 20. Re1 Qh5 21.
Qf4 Bc8 22. Re5 f5 23. h3 Bd7 24. Qg3 Qh6 25. Rg5 Rac8 26. Qe3 Rfe8 27. Kh2 Qf6
28. Qf4 Rxc4 29. Rg3 Rc5 30. Rxc5 bxc5 31. Ne2 Bb5 32. c4 e5 33. Qc1 Bc6 34.
Rd3 f4 0-1

[Event "Montreal CC-ch"]
[Site "Montreal CAN"]
[Date "2017.06.10"]
[Round "2.1"]
[White "Chiku-Ratte, Olivier-Kenta"]
[Black "Nesterov, Timour"]
[Result "1-0"]
[WhiteElo "2480"]
[BlackElo "1906"]
[PlyCount "107"]
[EventDate "2017.06.09"]
[EventType "swiss"]
[EventRounds "5"]
[EventCountry "CAN"]

1. d4 e6 2. c4 f5 3. g3 Nf6 4. Bg2 Be7 5. Nf3 O-O 6. O-O d6 7. Nc3 Ne4 8. Qc2
Nxc3 9. Qxc3 Nc6 10. Re1 Bf6 11. b4 e5 12. e3 Qe8 13. b5 Ne7 14. Ba3 Ng6 15.
Nd2 Kh8 16. Nb3 f4 17. exf4 exd4 18. Nxd4 Qd8 19. Qe3 a6 20. Rad1 axb5 21. Nxb5
Ra5 22. Qb3 b6 23. Bb4 Ra6 24. Bxd6 cxd6 25. Rxd6 Bd7 26. Red1 Rf7 27. Bc6 Nf8
28. Bxd7 Rxd7 29. Rxd7 Nxd7 30. Qd3 Rxa2 31. Qxd7 Qxd7 32. Rxd7 Rc2 33. Rb7 h6
34. Rxb6 Rxc4 35. Nd6 Rc2 36. Ne4 Bd4 37. Rd6 Bc5 38. Nxc5 Rxc5 39. Kg2 Kg8 40.
Rd7 Kh7 41. g4 Kg6 42. Rd6+ Kf7 43. Rd3 Rc4 44. Kg3 Kf6 45. h4 Rc1 46. f5 Rh1
47. f3 Ke5 48. Re3+ Kf6 49. Re6+ Kf7 50. g5 hxg5 51. hxg5 Rg1+ 52. Kf4 Rf1 53.
Rb6 Rf2 54. f6 1-0

[Event "Montreal CC-ch"]
[Site "Montreal CAN"]
[Date "2017.06.10"]
[Round "3.1"]
[White "Ouellet, Maili-Jade"]
[Black "Chiku-Ratte, Olivier-Kenta"]
[Result "1/2-1/2"]
[WhiteElo "2194"]
[BlackElo "2480"]
[PlyCount "155"]
[EventDate "2017.06.09"]
[EventType "swiss"]
[EventRounds "5"]
[EventCountry "CAN"]

1. d4 Nf6 2. c4 g6 3. Nc3 Bg7 4. e4 d6 5. f4 O-O 6. Nf3 c5 7. d5 e6 8. Be2 exd5
9. cxd5 Re8 10. Nd2 Na6 11. O-O Rb8 12. Re1 Nc7 13. a4 b6 14. Bf3 Ba6 15. Ndb1
Nd7 16. Na3 c4 17. Ncb5 Bxb5 18. axb5 c3 19. Ra2 cxb2 20. Bxb2 Bxb2 21. Rxb2
Qf6 22. Qd2 Nc5 23. Nc4 Rbd8 24. Rbb1 Qh4 25. g3 Qh6 26. Re2 f6 27. Qb2 g5 28.
fxg5 Qxg5 29. Ra1 Nd3 30. Qc3 Nf4 31. Rb2 Re7 32. Kf2 Ng6 33. h4 Qh6 34. Ne3
Red7 35. Ng4 Qg7 36. Qxf6 Ne8 37. Qxg7+ Kxg7 38. Rba2 Ra8 39. h5 Ne5 40. Nxe5
dxe5 41. Ke3 Nd6 42. Be2 Rc7 43. Ra3 Kh6 44. Rf1 Kg5 45. Rfa1 h6 46. Rf1 Rg8
47. Rfa1 Rgg7 48. Rf1 Rg8 49. Rb3 Rgc8 50. Rfb1 Rf8 51. Ra1 Rf6 52. Rba3 Rff7
53. Rd1 Rc2 54. Rda1 Rcc7 55. R1a2 Kf6 56. Ra1 Kg5 57. R1a2 Nc8 58. Ra1 Rc5 59.
Rb3 Rc2 60. Kd3 Rfc7 61. Rf1 Nd6 62. Rf2 R2c4 63. Bf3 Rd4+ 64. Ke3 Nc4+ 65. Ke2
Nd6 66. Ke3 Rc1 67. Ra2 Nc4+ 68. Ke2 Rg1 69. Kf2 Rc1 70. Ke2 Rcd1 71. Kf2 Rc1
72. Ke2 Rdd1 73. Kf2 Rg1 74. Be2 Rh1 75. Kg2 Rhg1+ 76. Kf2 Rh1 77. Kg2 Rhg1+
78. Kf2 1/2-1/2

[Event "Montreal CC-ch"]
[Site "Montreal CAN"]
[Date "2017.06.11"]
[Round "4.3"]
[White "Chiku-Ratte, Olivier-Kenta"]
[Black "Libersan, Thierry"]
[Result "1-0"]
[WhiteElo "2480"]
[BlackElo "2162"]
[PlyCount "53"]
[EventDate "2017.06.09"]
[EventType "swiss"]
[EventRounds "5"]
[EventCountry "CAN"]

1. d4 c5 2. d5 e5 3. e4 d6 4. Nc3 Be7 5. f4 Bf6 6. Nf3 Bg4 7. Bd3 Ne7 8. O-O a6
9. f5 Nd7 10. a4 h6 11. Be3 Bg5 12. Bf2 h5 13. Be2 Bxf3 14. Bxf3 Nf6 15. h4 Bh6
16. Bxh5 Nxh5 17. Qxh5 Ng8 18. Qf3 Nf6 19. Ne2 Qb6 20. g4 Bd2 21. c3 Qb3 22.
Qd3 Nxg4 23. Qxd2 Nxf2 24. Rxf2 Rxh4 25. Ng3 Rg4 26. Kg2 O-O-O 27. Qd1 1-0

[Event "Montreal CC-ch"]
[Site "Montreal CAN"]
[Date "2017.06.11"]
[Round "5.1"]
[White "Rodrigue-Lemieux, Shawn"]
[Black "Chiku-Ratte, Olivier-Kenta"]
[Result "0-1"]
[WhiteElo "2305"]
[BlackElo "2480"]
[PlyCount "162"]
[EventDate "2017.06.09"]
[EventType "swiss"]
[EventRounds "5"]
[EventCountry "CAN"]

1. b3 Nf6 2. Bb2 g6 3. e3 Bg7 4. d4 O-O 5. Bd3 c5 6. Nf3 b6 7. Nbd2 Bb7 8. O-O
d6 9. Re1 Nc6 10. c4 cxd4 11. exd4 Nd7 12. Rc1 Nc5 13. Bb1 d5 14. cxd5 Qxd5 15.
dxc5 Bxb2 16. Be4 Qd8 17. Rc2 Bf6 18. cxb6 Qxb6 19. Nc4 Qb4 20. h3 Rfd8 21. Qe2
Rac8 22. Rd1 Ba6 23. Bxc6 Rxd1+ 24. Qxd1 Rxc6 25. Ne3 Rxc2 26. Qxc2 Bb7 27. Nd2
h5 28. Qd3 Kg7 29. Ndc4 Qe1+ 30. Qf1 Qc3 31. Qd1 Be4 32. Nd2 Bb7 33. Ndc4 Bd4
34. Nc2 Bc5 35. Qe2 Qg3 36. Qf1 Qc3 37. Qe2 h4 38. Qd2 Qxd2 39. Nxd2 e5 40. Nc4
Kf6 41. a4 Be4 42. N4e3 Ke6 43. Kf1 Bd3+ 44. Ke1 a5 45. Kd2 Ba6 46. f3 f5 47.
Kc3 g5 48. Nc4 g4 49. Kd3 g3 50. Kd2 Bb7 51. Ke2 Ba6 52. Kd2 Bf2 53. Kc3 Bb7
54. Nd2 Kd5 55. b4 axb4+ 56. Nxb4+ Kd6 57. Nd3 Bd4+ 58. Kc2 e4 59. fxe4 fxe4
60. Ne1 Bf2 61. Kd1 Kc5 62. Ke2 Ba6+ 63. Kd1 Kd5 64. Nc2 Bd3 65. Nb4+ Kd4 66.
a5 Bb5 67. a6 Ke5 68. Nb3 Bb6 69. Ke1 e3 70. Nc2 Bxa6 71. Nc1 Ba5+ 72. Kd1 Bd2
73. Nb3 Bc3 74. Nc1 Ke4 75. Ne2 Bd2 76. Ng1 Bf1 77. Nf3 Bxg2 78. Nxd2+ exd2 79.
Kxd2 Bxh3 80. Ke2 Bg2 81. Ne1 h3 0-1

[Event "Mercredi 2017.05.10 ABCD"]
[Site "Montreal CAN"]
[Date "2017.05.10"]
[Round "1"]
[White "Chiku-Ratte, Olivier-Kenta"]
[Black "Tremblay, Alain"]
[Result "1-0"]
[WhiteElo "2443"]
[BlackElo "2198"]
[PlyCount "51"]
[EventDate "2017.05.10"]
[EventType "tourn"]
[EventRounds "5"]
[EventCountry "CAN"]

1. d4 d5 2. c4 e6 3. Nc3 c5 4. cxd5 exd5 5. Nf3 Nc6 6. g3 Nf6 7. Bg2 Be7 8. O-O
O-O 9. dxc5 Bxc5 10. Na4 Be7 11. Be3 Ne4 12. Rc1 Bg4 13. Nd4 Nxd4 14. Bxd4 Be6
15. Nc3 Rc8 16. Nxe4 Rxc1 17. Qxc1 dxe4 18. Qc3 g6 19. Bxe4 Bxa2 20. Bxb7 Qd7
21. Bf3 Rc8 22. Qe3 Bg5 23. Qe5 f6 24. Qe4 Bc4 25. Rd1 Qa4 26. e3 1-0

[Event "Mercredi 2017.05.10 ABCD"]
[Site "Montreal CAN"]
[Date "2017.05.19"]
[Round "2"]
[White "Chiku-Ratte, Olivier-Kenta"]
[Black "Leveille, Francois"]
[Result "1-0"]
[WhiteElo "2443"]
[BlackElo "2305"]
[PlyCount "89"]
[EventDate "2017.05.10"]
[EventType "tourn"]
[EventRounds "5"]
[EventCountry "CAN"]

1. d4 Nf6 2. c4 c5 3. d5 b5 4. Qc2 b4 5. e4 d6 6. f4 g6 7. Nf3 Bg7 8. Bd3 O-O
9. O-O e6 10. e5 dxe5 11. fxe5 Ng4 12. dxe6 Bxe6 13. Be4 Nd7 14. Bxa8 Qxa8 15.
Bf4 Ngxe5 16. Nxe5 Nxe5 17. Bxe5 Bxe5 18. Nd2 Qb8 19. Nf3 Bf4 20. Rfe1 Bf5 21.
Qf2 Qc7 22. Rad1 Rc8 23. b3 a5 24. g3 Bh6 25. Ne5 Bg7 26. Qf4 a4 27. bxa4 Be6
28. h4 Ra8 29. a5 Qxa5 30. Rd2 Qc7 31. Kh2 h5 32. Qg5 Bxe5 33. Rxe5 Kg7 34.
Rxc5 Qb7 35. Qe5+ Kh7 36. Rc7 Qb6 37. c5 Qa5 38. Rf2 Kg8 39. Qf4 Bxa2 40. c6
Be6 41. Rxf7 Bxf7 42. Qxf7+ Kh8 43. Qf6+ Kh7 44. Qe7+ Kh8 45. Rf7 1-0

[Event "Mercredi 2017.05.10 ABCD"]
[Site "Montreal CAN"]
[Date "2017.05.24"]
[Round "3"]
[White "Ouellet, Maili-Jade"]
[Black "Chiku-Ratte, Olivier-Kenta"]
[Result "0-1"]
[WhiteElo "2280"]
[BlackElo "2443"]
[PlyCount "102"]
[EventDate "2017.05.10"]
[EventType "tourn"]
[EventRounds "5"]
[EventCountry "CAN"]

1. d4 Nf6 2. c4 g6 3. Nc3 Bg7 4. e4 d6 5. f4 O-O 6. Nf3 c5 7. d5 e6 8. Be2 exd5
9. cxd5 Re8 10. Nd2 Na6 11. O-O Rb8 12. a4 Nc7 13. Bf3 b6 14. Nc4 Ba6 15. Qb3
Bxc4 16. Qxc4 a6 17. Qd3 Nd7 18. Be3 b5 19. axb5 axb5 20. e5 dxe5 21. f5 c4 22.
Qc2 Nf6 23. fxg6 hxg6 24. Bg5 Qd6 25. Rad1 Nh7 26. Be3 f5 27. g4 b4 28. Na4 e4
29. Bg2 c3 30. bxc3 Nxd5 31. Qb3 bxc3 32. Qxd5+ Qxd5 33. Rxd5 Nf6 34. Rc5 Nxg4
35. Bf4 Bd4+ 36. Kh1 Bxc5 37. Nxc5 Rb5 38. Na4 c2 39. h3 Nf6 40. Nc3 Rb3 41.
Ne2 Rb1 42. Bc1 Rd8 43. Kg1 Rd1 44. Kf2 Nd5 45. Ba3 Rxf1+ 46. Bxf1 Rd1 47. Bg2
Rd3 48. Bb2 Nb4 49. Nc1 Rd1 50. Bf1 Nd3+ 51. Bxd3 exd3 0-1

[Event "Mercredi 2017.05.10 ABCD"]
[Site "Montreal CAN"]
[Date "2017.05.31"]
[Round "4"]
[White "Chiku-Ratte, Olivier-Kenta"]
[Black "Rodrigue-Lemieux, Shawn"]
[Result "1-0"]
[WhiteElo "2443"]
[BlackElo "2269"]
[PlyCount "69"]
[EventDate "2017.05.10"]
[EventType "tourn"]
[EventRounds "5"]
[EventCountry "CAN"]

1. d4 Nf6 2. c4 g6 3. Nc3 Bg7 4. e4 d6 5. f4 O-O 6. Nf3 c5 7. d5 e6 8. Be2 exd5
9. cxd5 Re8 10. Qc2 a6 11. a4 Nxe4 12. Nxe4 Bf5 13. Nfd2 Qe7 14. Bf3 Bd4 15.
Kd1 Nd7 16. g4 Bxe4 17. Nxe4 b5 18. axb5 axb5 19. Rxa8 Rxa8 20. Re1 Qh4 21.
Nxd6 b4 22. Nb5 Bg7 23. d6 Ra1 24. Qe2 Qh3 25. Bd5 h6 26. Bxf7+ Kh8 27. Be6 Nf8
28. Bc4 Kh7 29. Kc2 Qh4 30. Bd2 Rxe1 31. Bxe1 Qf6 32. Qe5 Qd8 33. Qd5 Nd7 34.
Qf7 Nf6 35. Nc7 1-0

[Event "Mercredi 2017.05.10 ABCD"]
[Site "Montreal CAN"]
[Date "2017.06.07"]
[Round "5"]
[White "Lopez Linares, Lizandro"]
[Black "Chiku-Ratte, Olivier-Kenta"]
[Result "0-1"]
[WhiteElo "2214"]
[BlackElo "2443"]
[PlyCount "70"]
[EventDate "2017.05.10"]
[EventType "tourn"]
[EventRounds "5"]
[EventCountry "CAN"]

1. Nf3 Nf6 2. b3 g6 3. Bb2 Bg7 4. e3 O-O 5. Be2 d6 6. O-O c5 7. c4 Nc6 8. d3 a6
9. Nc3 Rb8 10. d4 Bf5 11. Nh4 Bd7 12. dxc5 dxc5 13. Na4 b6 14. Qb1 Qc7 15. Rd1
Na5 16. Nc3 Bc6 17. Qc2 Qb7 18. Bf3 b5 19. Bxc6 Nxc6 20. cxb5 axb5 21. Rac1
Rfc8 22. Nf3 Nb4 23. Qe2 c4 24. Ne5 Ne8 25. Rd7 Qa6 26. a3 Bxe5 27. axb4 cxb3
28. Rxe7 Bxh2+ 29. Kf1 Bd6 30. Rxe8+ Rxe8 31. Nd5 Re6 32. Qd3 Be5 33. Bxe5 Rxe5
34. Qxb3 Qe6 35. Rd1 Rd8 0-1

[Event "Ligue elite du dimanche 1/2 final"]
[Site "Montreal CAN"]
[Date "2017.05.07"]
[Round "1"]
[White "Chiku-Ratte, Olivier-Kenta"]
[Black "Kraiouchkine, Nikita"]
[Result "1-0"]
[WhiteElo "2442"]
[BlackElo "2339"]
[Annotator "Lefong Hua"]
[PlyCount "79"]
[EventDate "2017.05.07"]
[EventType "tourn"]
[EventRounds "1"]
[EventCountry "CAN"]

1. d4 Nf6 2. c4 c6 3. Nf3 d5 4. e3 Bg4 5. Nc3 e6 6. h3 Bh5 7. g4 Bg6 8. Nh4 Be4
9. f3 Nfd7 10. Ng2 Bg6 11. h4 f6 12. h5 Bf7 13. Bd3 Bd6 14. Qc2 h6 15. c5 Bg3+
16. Kf1 Bc7 17. b4 b6 18. a3 e5 19. Nh4 O-O 20. Bh7+ Kh8 21. Bf5 Re8 22. Ng6+
Kg8 23. Kg2 Nf8 24. Nxf8 Kxf8 25. Ne2 a5 26. Bd2 a4 27. cxb6 Bxb6 28. Rac1 Qe7
29. b5 Qxa3 30. bxc6 Na6 31. Ra1 Qb3 32. Rhb1 Qxc2 33. Bxc2 Reb8 34. Rxa4 Ke8
35. Bd3 Nc7 36. Rab4 Ba7 37. Rb7 Rxb7 38. cxb7 Rd8 39. Ba5 Bb8 40. Rc1 1-0

[Event "Quebec-ch U20"]
[Site "Montreal CAN"]
[Date "2017.04.21"]
[Round "1"]
[White "Zhong, Kevin"]
[Black "Chiku-Ratte, Olivier-Kenta"]
[Result "0-1"]
[WhiteElo "1913"]
[BlackElo "2442"]
[PlyCount "138"]
[EventDate "2017.04.21"]
[EventType "swiss"]
[EventRounds "5"]
[EventCountry "CAN"]

1. e4 c5 2. Ne2 d6 3. g3 g6 4. Bg2 Bg7 5. c3 Nf6 6. d4 Nbd7 7. O-O O-O 8. h3
Rb8 9. f4 Qc7 10. g4 b6 11. Ng3 Ne8 12. f5 Ba6 13. Re1 Rc8 14. Be3 cxd4 15.
cxd4 Qc2 16. Nc3 Qxd1 17. Raxd1 Nc7 18. Bf1 Bb7 19. Rc1 Nb8 20. Bc4 Nc6 21.
Red1 Na5 22. Be2 e6 23. b4 Nc6 24. b5 Na5 25. Bg5 Rfe8 26. f6 Bf8 27. Kf2 d5
28. e5 Nc4 29. a4 a6 30. Nf1 Bb4 31. Na2 Ba3 32. Rc3 Bf8 33. bxa6 Bc6 34. Rdc1
b5 35. Ne3 b4 36. Rd3 Bxa4 37. Bd1 Bb5 38. Nxc4 dxc4 39. Rg3 Bxa6 40. Bd2 c3
41. Bxc3 bxc3 42. Rgxc3 Nd5 43. Rxc8 Rxc8 44. Rxc8 Bxc8 45. Bf3 Bb7 46. Nc3 Bh6
47. Nxd5 Bxd5 48. Bxd5 exd5 49. Ke2 Kf8 50. Kd3 Bf4 51. Kc3 Be3 52. Kd3 Bg1 53.
Kc3 g5 54. Kd3 Ke8 55. Kc3 Kd7 56. Kd3 Ke6 57. Kc3 h6 58. Kd3 Bh2 59. Ke3 Bxe5
60. dxe5 Kxe5 61. Kd3 Kxf6 62. Kd4 Ke6 63. Ke3 Ke5 64. Kf3 d4 65. Ke2 Ke4 66.
Kf2 d3 67. Ke1 Ke3 68. Kd1 d2 69. Kc2 Ke2 0-1

[Event "Quebec-ch U20"]
[Site "Montreal CAN"]
[Date "2017.04.22"]
[Round "2"]
[White "Chiku-Ratte, Olivier-Kenta"]
[Black "Saha, Ananda"]
[Result "1-0"]
[WhiteElo "2442"]
[BlackElo "2161"]
[PlyCount "61"]
[EventDate "2017.04.21"]
[EventType "swiss"]
[EventRounds "5"]
[EventCountry "CAN"]

1. d4 d5 2. c4 e6 3. Nc3 Nf6 4. cxd5 exd5 5. Bg5 Bb4 6. e3 h6 7. Bh4 g5 8. Bg3
Ne4 9. Qa4+ Nc6 10. Nge2 h5 11. h4 Bg4 12. f3 Nxg3 13. Nxg3 gxh4 14. Nge2 Bd7
15. O-O-O a5 16. Qb3 Be6 17. Nf4 Ne7 18. e4 c6 19. Kb1 Qd6 20. e5 Bf5+ 21. Bd3
Qh6 22. Nce2 Bxd3+ 23. Qxd3 Ng6 24. Nh3 O-O 25. f4 f5 26. g3 Be7 27. gxh4 Bxh4
28. Rdg1 Kh8 29. Ng5 Bxg5 30. Rxg5 h4 31. Qf3 1-0

[Event "Quebec-ch U20"]
[Site "Montreal CAN"]
[Date "2017.04.22"]
[Round "3"]
[White "Rodrigue-Lemieux, Shawn"]
[Black "Chiku-Ratte, Olivier-Kenta"]
[Result "1/2-1/2"]
[WhiteElo "2284"]
[BlackElo "2442"]
[PlyCount "73"]
[EventDate "2017.04.21"]
[EventType "swiss"]
[EventRounds "5"]
[EventCountry "CAN"]

1. d4 Nf6 2. e3 c5 3. Bd3 g6 4. f4 Bg7 5. Nf3 b6 6. Qe2 Bb7 7. Nbd2 O-O 8. O-O
d6 9. b3 Nbd7 10. Bb2 Qc7 11. c4 e6 12. Rae1 a6 13. a4 Bc6 14. Qf2 Qb7 15. Qh4
b5 16. cxb5 axb5 17. axb5 Bxb5 18. Bxb5 Qxb5 19. dxc5 Qxc5 20. Bd4 Qc2 21. Rc1
Qd3 22. Nc4 Ra6 23. Rb1 Rb8 24. Rfd1 Qc2 25. Rdc1 Qe4 26. Ng5 Qd3 27. Rd1 Qc2
28. Rdc1 Qe2 29. Re1 Qg4 30. Qf2 e5 31. h3 Qf5 32. fxe5 Qxg5 33. exf6 Bxf6 34.
Bxf6 Qxf6 35. Qxf6 Nxf6 36. e4 Rc6 37. Nxd6 1/2-1/2

[Event "Quebec-ch U20"]
[Site "Montreal CAN"]
[Date "2017.04.23"]
[Round "4"]
[White "Chiku-Ratte, Olivier-Kenta"]
[Black "Yu, Zong Yang"]
[Result "1/2-1/2"]
[WhiteElo "2442"]
[BlackElo "2462"]
[PlyCount "70"]
[EventDate "2017.04.21"]
[EventType "swiss"]
[EventRounds "5"]
[EventCountry "CAN"]

1. d4 Nf6 2. c4 e6 3. Nc3 Bb4 4. f3 O-O 5. a3 Bxc3+ 6. bxc3 Ne8 7. e4 b6 8. Nh3
Ba6 9. Bd3 Nc6 10. O-O Na5 11. Qe2 c5 12. Be3 Rc8 13. Rac1 f6 14. e5 d5 15. Nf4
Nc7 16. exf6 Qxf6 17. cxd5 Bxd3 18. Qxd3 cxd4 19. cxd4 Nxd5 20. Nxd5 exd5 21.
Qb5 Qf7 22. Bf2 Nc4 23. a4 Nd6 24. Qb3 Rc4 25. Rxc4 Nxc4 26. Qb5 Re8 27. Qc6
Rd8 28. Bh4 Qe8 29. Qb5 Qxb5 30. axb5 Ra8 31. Ra1 Nd6 32. Rb1 Rc8 33. Bg3 Nf5
34. Be5 Rc2 35. Ra1 Ne3 1/2-1/2

[Event "Quebec-ch U20"]
[Site "Montreal CAN"]
[Date "2017.04.23"]
[Round "5"]
[White "Guipi Bopala, Prince Eric jr"]
[Black "Chiku-Ratte, Olivier-Kenta"]
[Result "0-1"]
[WhiteElo "2442"]
[BlackElo "1832"]
[PlyCount "54"]
[EventDate "2017.04.21"]
[EventType "swiss"]
[EventRounds "5"]
[EventCountry "CAN"]

1. d4 Nf6 2. Bf4 c5 3. d5 d6 4. Nc3 g6 5. e4 Nbd7 6. Qd2 Bg7 7. Be2 O-O 8. Bh6
Bxh6 9. Qxh6 a6 10. a4 Qa5 11. Qe3 b5 12. Nf3 b4 13. Nb1 e6 14. dxe6 fxe6 15.
O-O Bb7 16. Nbd2 Qc7 17. Rfd1 Rae8 18. c4 d5 19. exd5 exd5 20. Qd3 d4 21. Re1
Ng4 22. g3 Nde5 23. Qb3 Qc6 24. h3 d3 25. hxg4 dxe2 26. Rxe2 Nxf3+ 27. Nxf3
Rxe2 0-1

[Event "CMA Futurity 2017.04.14 ABCD"]
[Site "Montreal CAN"]
[Date "2017.04.14"]
[Round "1"]
[White "Chiku-Ratte, Olivier-Kenta"]
[Black "Lopez Linares, Lizandro"]
[Result "0-1"]
[WhiteElo "2311"]
[BlackElo "2114"]
[PlyCount "76"]
[EventDate "2017.04.14"]
[EventType "tourn"]
[EventRounds "5"]
[EventCountry "CAN"]

1. d4 d5 2. c4 c6 3. Nf3 Nf6 4. e3 a6 5. Nc3 b5 6. b3 Bg4 7. h3 Bxf3 8. Qxf3 e5
9. dxe5 Bb4 10. Bd2 Bxc3 11. Bxc3 Ne4 12. Bb4 bxc4 13. Qg4 c5 14. Bxc4 cxb4 15.
Rd1 Nc3 16. Qxg7 Rf8 17. Rd2 Qa5 18. Bd3 Nc6 19. Qxh7 O-O-O 20. Bf5+ Kb8 21.
O-O Qc7 22. Qh6 Nxe5 23. Kh1 Qd6 24. Qf4 Nc6 25. g4 Qxf4 26. exf4 Rh8 27. Kg2
Rh4 28. Re1 Rdh8 29. Re3 d4 30. Rf3 Kc7 31. Bd3 Kd6 32. Bc4 Nd5 33. Bxa6 f5 34.
Rg3 Nxf4+ 35. Kf3 Nxh3 36. gxf5 Nf4 37. Rg1 Ne5+ 38. Ke4 Ne6+ 0-1

[Event "CMA Futurity 2017.04.14 ABCD"]
[Site "Montreal CAN"]
[Date "2017.04.15"]
[Round "2"]
[White "Chiku-Ratte, Olivier-Kenta"]
[Black "Leveille, Francois"]
[Result "1-0"]
[WhiteElo "2311"]
[BlackElo "2261"]
[PlyCount "49"]
[EventDate "2017.04.14"]
[EventType "tourn"]
[EventRounds "5"]
[EventCountry "CAN"]

1. d4 d5 2. c4 c6 3. Nf3 Nf6 4. e3 e6 5. Bd3 Nbd7 6. b3 Qa5+ 7. Bd2 Bb4 8. O-O
O-O 9. a3 Bxd2 10. Nbxd2 c5 11. b4 cxb4 12. axb4 Qxb4 13. c5 e5 14. Qc2 e4 15.
Bc4 Nxc5 16. Rfb1 Nb3 17. Bxb3 exf3 18. Bxd5 Qe7 19. Bxf3 Rd8 20. Nc4 Qc7 21.
Qd3 Be6 22. Na5 Rab8 23. Nxb7 Re8 24. Rc1 Qb6 25. Rab1 1-0

[Event "CMA Futurity 2017.04.14 ABCD"]
[Site "Montreal CAN"]
[Date "2017.04.15"]
[Round "3"]
[White "Masse, Hugues"]
[Black "Chiku-Ratte, Olivier-Kenta"]
[Result "1-0"]
[WhiteElo "2157"]
[BlackElo "2311"]
[PlyCount "153"]
[EventDate "2017.04.14"]
[EventType "tourn"]
[EventRounds "5"]
[EventCountry "CAN"]

1. d4 Nf6 2. c4 g6 3. Nc3 Bg7 4. e4 d6 5. Nf3 O-O 6. h3 c5 7. d5 e6 8. Bd3 exd5
9. cxd5 b5 10. Nxb5 Re8 11. O-O Nxe4 12. Qa4 a6 13. Bxe4 Bd7 14. Re1 Qb6 15.
Bf4 Rc8 16. Bd3 Bf8 17. Nd2 Bxb5 18. Bxb5 Qxb5 19. Qc2 Nd7 20. Nc4 Qb8 21. b3
Qc7 22. Qd2 Nb6 23. Nxb6 Qxb6 24. Re4 a5 25. Ra4 Qb5 26. Rc1 Re8 27. Re1 Rec8
28. Ree4 Qb7 29. Qd3 Qc7 30. h4 Qd7 31. h5 Bg7 32. Bd2 Qf5 33. hxg6 hxg6 34.
Re3 Qh5 35. g4 Qh4 36. Bc3 Bd4 37. Rg3 Re8 38. Kg2 Bxc3 39. Qxc3 Qg5 40. Qd3
Re1 41. Re4 Ra1 42. Rge3 Rf8 43. a4 Ra2 44. Rh3 Qd2 45. Qxd2 Rxd2 46. Re7 Rxd5
47. Ra7 Rd4 48. Rg3 Rf4 49. Rxa5 Re8 50. Ra6 d5 51. Re3 Rxg4+ 52. Kf3 Rxe3+ 53.
fxe3 Rb4 54. Rd6 d4 55. exd4 cxd4 56. Ke4 Rxb3 57. Rxd4 Ra3 58. Kd5 Kg7 59. Kc6
g5 60. Kb5 Kg6 61. a5 f5 62. a6 g4 63. Ra4 Rb3+ 64. Kc4 Re3 65. a7 Re4+ 66. Kb3
Re8 67. a8=Q Rxa8 68. Rxa8 Kg5 69. Kc3 Kf4 70. Kd2 Kg3 71. Ke1 f4 72. Kf1 Kh2
73. Kf2 g3+ 74. Kf3 g2 75. Rh8+ Kg1 76. Rg8 Kh1 77. Kf2 1-0

[Event "CMA Futurity 2017.04.14 ABCD"]
[Site "Montreal CAN"]
[Date "2017.04.16"]
[Round "4"]
[White "Chiku-Ratte, Olivier-Kenta"]
[Black "Duong, Thanh Nha"]
[Result "1/2-1/2"]
[WhiteElo "2311"]
[BlackElo "2146"]
[PlyCount "92"]
[EventDate "2017.04.14"]
[EventType "tourn"]
[EventRounds "5"]
[EventCountry "CAN"]

1. d4 Nf6 2. c4 e6 3. Nc3 d5 4. cxd5 exd5 5. Bg5 Be7 6. e3 c6 7. Bd3 Nbd7 8.
Qc2 Nh5 9. Bxe7 Qxe7 10. Nge2 g6 11. h3 Ng7 12. g4 Nb6 13. O-O-O Be6 14. Nf4
O-O-O 15. f3 h5 16. Qf2 g5 17. Nxe6 Qxe6 18. f4 hxg4 19. hxg4 Qxg4 20. f5 f6
21. Be2 Qxf5 22. Qxf5+ Nxf5 23. Bg4 Nc4 24. Bxf5+ Kc7 25. Rhe1 Rh2 26. Bc2 g4
27. e4 dxe4 28. Nxe4 f5 29. Nc5 Kb8 30. Re7 Nd6 31. Rde1 g3 32. Rg7 f4 33. Bd1
Nf5 34. Rxb7+ Ka8 35. Bf3 Nxd4 36. Ree7 Rc2+ 37. Kb1 Rxc5 38. Rxa7+ Kb8 39.
Reb7+ Kc8 40. Bg4+ Nf5 41. b4 g2 42. Bxf5+ Rxf5 43. Rc7+ Kb8 44. Rab7+ Ka8 45.
Ra7+ Kb8 46. Rab7+ Ka8 1/2-1/2

[Event "CMA Futurity 2017.04.14 ABCD"]
[Site "Montreal CAN"]
[Date "2017.04.16"]
[Round "5"]
[White "Tomb, Maroun"]
[Black "Chiku-Ratte, Olivier-Kenta"]
[Result "0-1"]
[WhiteElo "2133"]
[BlackElo "2311"]
[PlyCount "124"]
[EventDate "2017.04.14"]
[EventType "tourn"]
[EventRounds "5"]
[EventCountry "CAN"]

1. e4 c5 2. Ne2 d6 3. g3 g6 4. c3 Nf6 5. Bg2 Bg7 6. d4 Nbd7 7. O-O O-O 8. f4
Qc7 9. Nd2 Rb8 10. e5 Ne8 11. Nf3 b5 12. Be3 Bb7 13. Bf2 Be4 14. g4 Nb6 15. Ng3
Bd5 16. Re1 cxd4 17. cxd4 e6 18. f5 exf5 19. gxf5 Bh6 20. Be3 Bxe3+ 21. Rxe3
dxe5 22. Rc3 Bxf3 23. Qxf3 Qd6 24. dxe5 Qxe5 25. Kh1 Nd6 26. f6 Nbc4 27. Rd3
Rfe8 28. Rf1 Qg5 29. Rd5 Re5 30. Rxe5 Qxe5 31. Qf2 Qe3 32. Qc2 Re8 33. b3 Ne5
34. Bd5 Ng4 35. Qc6 Qe5 36. Rf3 Nxf6 37. Rd3 Kg7 38. Bf3 Nf5 39. Nxf5+ Qxf5 40.
Qc3 b4 41. Qd2 Re1+ 42. Kg2 Re5 43. Rd4 a5 44. h4 Re7 45. Rc4 Qe5 46. Qc1 Qd6
47. Rc6 Qd4 48. Rc4 Qd3 49. Qb2 Rd7 50. Qe5 Rd6 51. Rf4 Qd2+ 52. Kh3 Re6 53.
Qc7 Qxa2 54. Qc4 Qd2 55. Qc7 Qe3 56. Kg2 Qxb3 57. Qxa5 Qc2+ 58. Kh3 b3 59. Rb4
Qd3 60. Kg2 Qd2+ 61. Kg3 Qe1+ 62. Kg2 Rd6 0-1